000 00718nam a2200205 a 4500
001 58996
005 20180714055815.0
008 140415s2010 mx 000 0 spa d
020 _a9786071104137
041 _aspa
082 _a863
_bTOS
100 1 _aRIVERO TOSCANA, DAVID
245 1 3 _aEL ULTIMO LECTOR
250 _a1a ed.
260 _aMEXICO :
_bSANTILLANA EDICIONES GENERALES, S.A. DE C.V.,
_c2010
300 _a241
_c15 x 1.2 x 23.9
490 _aPENSAMIENTO
520 _aTODOS BUSCAN EL FINAL FELIZ, LA ARA SONRIENTE, ROMPER CON EL DESTINO NATURAL, EVITAR LA TRAGEDIA; PRESIGUEN LO BANAL Y DESABRIDO, LO LIGERO Y MUJERIL: SE REHUSAN A HACER LITERATURA.
650 1 4 _aNOVELA MEXICANA
999 _c58996
_d58996